000 00569 a2200169 4500
020 _a1441919309
020 _a9781441919304
082 0 4 _a530.44
090 _c580
_d580
100 1 _aBittencourt, J. A.
245 1 0 _aFundamentals of plasma physics /
_cJ. A. Bittencourt.
250 _aSoftcover reprint of hardcover 3rd ed. 2004.
260 _a[S.l.] :
_bSpringer,
_c2004
300 _a701 p. ;
_c25 cm.
942 _aSNS
_cBK
_k530.44 BIT
999 _c29210
_d29210